| 000 | 00523nam a2200193 a 4500 | ||
|---|---|---|---|
| 005 | 20140310183315.0 | ||
| 008 | 051004s19uu xx 00 eng d | ||
| 020 | _a1403942900 | ||
| 050 |
_aPN 1994.5 _b.P49 2005 |
||
| 100 | _aPhillips, William H. | ||
| 245 |
_aFilm : _ban introduction / _cWilliam H. Phillips |
||
| 250 | _a3rd. | ||
| 260 |
_aLondon : _bPalgrave McMillan, _c2005. |
||
| 300 |
_a669 p. : _bcol. ill. ; _c25 cm. |
||
| 521 | _aMC | ||
| 650 | _aMotion Picture. | ||
| 942 |
_cBK _2lcc _kFOR |
||
| 999 |
_c21258 _d21258 |
||